00471 2200181 4500001002100000005001500021008004100036020002200077035001900099041000700118082000800125090001400133100002900147245003100176260003100207300001900238650003200257INLIS00000000001579020241224115012241224||||||||| | ||| |||| || |  a978-979-010-065-7 0010-1224015790 aid0 a577 a577 FER m0 aMelati Ferianita Fachrul00aMetode Sampling Bioekologi aJakartabBumi Aksarac2008 a198hlm;15x23cm 0aIlmu ilmu tentang kehidupan